| 000 | 00471nam a2200193Ia 4500 | ||
|---|---|---|---|
| 005 | 20240607104240.0 | ||
| 008 | 131103s9999 xx 000 0 und d | ||
| 040 | _aLoreto College | ||
| 041 | _aEnglish | ||
| 082 |
_a574 _bSIN |
||
| 100 | _aSingh, Harbans | ||
| 245 |
_aDomestic animals _cHarbans Singh |
||
| 260 |
_aDelhi _bNational Book Trust, India _c1966 |
||
| 300 | _a155p. | ||
| 504 | _aIncludes index | ||
| 650 | _aScience | ||
| 850 | _aLCBED | ||
| 942 | _cBK | ||
| 999 |
_c28860 _d79339 |
||